La Comunidad Europea del Carbón y del Acero / (Record no. 142214)

MARC details
000 -LEADER
campo de control de longitud fija 00952nam a2200253 i 4500
001 - NÚMERO DE CONTROL
campo de control 142214
003 - IDENTIFICADOR DE NÚMERO DE CONTROL
campo de control ES-MaACL
005 - FECHA Y HORA DE LA ÚLTIMA TRANSACCIÓN
campo de control 20230906200454.0
007 - CAMPO FIJO DE DESCRIPCIÓN FÍSICA--INFORMACIÓN GENERAL
campo de control de longitud fija t|
008 - DATOS DE LONGITUD FIJA--INFORMACIÓN GENERAL
campo de control de longitud fija 071003s1958 sp ||||1| spa d
080 ## - NÚMERO DE LA CLASIFICACIÓN DECIMAL UNIVERSAL
Número de la Clasificación Decimal Universal 338.984.4:[622.33+669.1]
100 1# - ENTRADA PRINCIPAL--NOMBRE DE PERSONA
Nombre de persona Vignes, Daniel.
9 (RLIN) 114650
245 13 - MENCIÓN DEL TÍTULO
Título La Comunidad Europea del Carbón y del Acero /
Mención de responsabilidad, etc. Daniel Vignes ; prólogo de la edición española de José de Yanguas Messía ; prefacio de Paul Guggenheim ; [traducción Manuel Ortuño].
260 ## - PUBLICACIÓN, DISTRIBUCIÓN, ETC.
Lugar de publicación, distribución, etc. Barcelona :
Nombre del editor, distribuidor, etc. Edit. Hispano-Europea,
Fecha de publicación, distribución, etc. [1958]
300 ## - DESCRIPCIÓN FÍSICA
Extensión 199 p. ;
Dimensiones 21 cm.
610 2# - PUNTO DE ACCESO ADICIONAL DE MATERIA--NOMBRE DE ENTIDAD CORPORATIVA
Nombre de entidad corporativa o nombre de jurisdicción como elemento de entrada Comunidad Europea del Carbón y del Acero.
9 (RLIN) 3133
700 1# - ENTRADA AGREGADA--NOMBRE PERSONAL
Nombre de persona Yanguas Messía, José de,
Fechas asociadas al nombre 1890-1974
9 (RLIN) 117556
700 1# - ENTRADA AGREGADA--NOMBRE PERSONAL
Nombre de persona Guggenheim, Paul.
9 (RLIN) 60617
700 1# - ENTRADA AGREGADA--NOMBRE PERSONAL
Nombre de persona Ortuño, Manuel.
9 (RLIN) 87682
852 ## - LOCALIZACIÓN
Ubicación ES-MaACL
Número de control de estantería C-14482
Sublocalización o colección R.42209
852 ## - LOCALIZACIÓN
Ubicación ES-MaACL
Número de control de estantería C-15226
Sublocalización o colección R.43221
852 ## - LOCALIZACIÓN
Ubicación ES-MaACL
Número de control de estantería C-24641
Sublocalización o colección R.53524
Holdings
Estatus retirado Estado de pérdida Estado de daño No para préstamo Biblioteca de origen Biblioteca actual Ubicación en estantería Fecha de adquisición Fuente de adquisición Total de préstamos Signatura topográfica completa Código de barras Visto por última vez Precio de reemplazo Tipo de ítem Koha
        Biblioteca del Ateneo de Madrid Biblioteca del Ateneo de Madrid Depósito 2 17/01/2008     C-24641 1147975 23/02/2023 23/02/2023 Libro impreso
        Biblioteca del Ateneo de Madrid Biblioteca del Ateneo de Madrid Ficheros 17/01/2008     C-14482 1147973 23/02/2023 23/02/2023 Libro impreso
        Biblioteca del Ateneo de Madrid Biblioteca del Ateneo de Madrid Ficheros 17/01/2008     C-15226 1147974 23/02/2023 23/02/2023 Libro impreso